000 01297cam a22003374a 4500
001 14115449
003 OSt
005 20160603132810.0
008 050921s2006 vau b 001 0 eng
010 _a 2005027510
020 _a1416602712 (alk. paper)
020 _a9781416602712
035 _a(OCoLC)ocm61731308
040 _aDLC
_cDLC
_dYDX
_dBAKER
_dDLC
042 _apcc
050 0 0 _aLB 2806.45
_b.D36 2006
082 0 0 _aGLT 371.1
_bD22 2006
100 1 _aDanielson, Charlotte.
_922418
245 1 0 _aTeacher leadership that strengthens professional practice /
_cCharlotte Danielson.
260 _aAlexandria, Va. :
_bAssociation for Supervision and Curriculum Development,
_c2006.
300 _a160 p. :
_c23 cm.
500 _aIncludes bibliographical references (p. 154-155) and index.
650 0 _aTeacher participation in administration.
_922467
650 0 _aTeachers
_xProfessional relationships.
_922468
650 0 _aEducational leadership.
_943
856 4 1 _3Table of contents
_uhttp://www.loc.gov/catdir/toc/ecip0519/2005027510.html
906 _a7
_bcbc
_corignew
_d1
_eecip
_f20
_gy-gencatlg
942 _2lcc
_cBK
999 _c12533
_d12533